2017/18 Phoenix Suns Roster - Statistics

General Stats
  • This quiz has been taken 59 times
  • The average score is 4 of 15
Answer Stats
Position Player % Correct
G Devin Booker
100%
G Eric Bledsoe
48%
C Tyson Chandler
40%
F T.J Warren
29%
C Alex Len
27%
C Dragan Bender
27%
G Brandon Knight
21%
F Josh Jackson
21%
G Tyler Ulis
19%
F Marquese Chriss
17%
F Jared Dudley
15%
C Alan Williams
12%
G Davon Reed
6%
G Mike James
4%
F Alec Peters
0%
No matching quizzes found
Score Distribution
Percent of People with Each Score
Percentile by Number Answered
Your Score History
You have not taken this quiz